| 000 | 01045nam a22002417a 4500 | ||
|---|---|---|---|
| 005 | 20240305165643.0 | ||
| 007 | cr|||| |||| | ||
| 008 | 221012s2022 pe |||||s|||| 00||0 spa d | ||
| 020 | _a978-612-4460-47-0 | ||
| 035 | _a37395 | ||
| 040 | _avLex | ||
| 090 |
_c14020 _d14020 |
||
| 100 | 1 | _aRíos Patio, Gino | |
| 245 | 1 | 0 |
_aCriminología de la seguridad _h[Recurso electrónico] : _bHerramientas estratégicas basadas en casos reales, modelos comparados y buenas prácticas / _cGino Ríos Patio, Wael Hikal |
| 256 | _aServicio en línea | ||
| 300 | _a1 recurso electrónico | ||
| 506 | 1 |
_aDisponible solo en los productos indicados _dvLex Global _dvLex Global (Academic Edition, excluding Law Schools) _dvLex Global (U.S. Academic Edition, Law Schools) _dvLex Global (U.S. Academic Edition, excluding Law Schools) _dvLex Global (Academic Edition, Law Schools) |
|
| 650 | 0 | 4 |
_aDerecho Penal _zPerú |
| 700 | 1 | _aHikal, Wael | |
| 740 | 0 | _avLex Libros (Servicio en línea) | |
| 856 | 4 | 0 | _uhttps://app.vlex.com/#/sources/37395 |
| 942 | _cRAA | ||
| 999 |
_c172256 _d172256 |
||